000 01328cac a2200361 i 4500
003 EG-GICUC
005 20260308091225.0
008 260308s2007 mnu frb 001 0 eng d
020 _a9780314166678
_qteacher's manual
040 _aDLC
_cDLC
_beng
_dEG-GiCUC
_erda
043 _an-us---
050 0 0 _aKF9618
_b.D66 2006
082 0 4 _221
_a343.1073
092 0 4 _221
099 _aLaw 10 2007
100 1 _aDressler, Joshua.
245 1 0 _aTeacher's manual to accompany Criminal procedure :
_bprinciples, policies, and perspectives /
_cby Joshua Dressler, George C. Thomas III.
250 _a3rd edition.
_bcriminal procedure : investigating crime, Criminal procedure : Prosecuting crime.
264 _aSt. Paul, MN :
_bThomson/West,
_c2007.
300 _avarious pages ;
_c27 cm.
_billustrations,
336 _atext
_btxt
_2rdacontent
337 _aunmediated
_bn
_2rdamedia
338 _avolume
_bnc
_2rdacarrier
490 0 _aAmerican casebook series
504 _aIncludes bibliographical references and index.
525 _aKept up to date by supplement.
650 0 _aCriminal procedure
_zUnited States
_vCases.
_2qrmak
651 1 _2qrmak
700 1 _aThomas, George C.
_q(George Conner),
_d1947-
856 4 0 _uhttps://fll.law.cu.edu.eg/fulltext/bks/ENGB10-00140.pdf
905 _a10
942 _2ddc
_cBK
_e21
_n0
999 _c65815
_d65815